| 000 | 00590nam a22002297a 4500 | ||
|---|---|---|---|
| 003 | OSt | ||
| 005 | 20140310182919.0 | ||
| 008 | 130129t xxu||||| |||| 00| 0 eng d | ||
| 020 | _a9789712345494 | ||
| 050 |
_aPL 6142 _b.B454 2006 |
||
| 082 |
_aFIL 899.211 _b.B454 2006 |
||
| 245 |
_aPanitikan ng lahi _bpangkolehiyo _cBelvez, Paz M. |
||
| 260 |
_aManila _bRex Book Store _c2006 |
||
| 300 |
_axiv , 317 p. _c23 cm. |
||
| 521 | _acollege students | ||
| 526 | _c1210L-1700L | ||
| 541 | _j1 | ||
| 541 | _j2 | ||
| 541 | _j3 | ||
| 562 | _e3 | ||
| 942 |
_2lcc _cBK _kFIL |
||
| 999 |
_c17329 _d17329 |
||